| 000 | 00451 a2200145 4500 | ||
|---|---|---|---|
| 003 | Nust | ||
| 005 | 20170207154015.0 | ||
| 040 | _cNust | ||
| 082 | _a005.44 | ||
| 100 | _aBeekmans, Gerard | ||
| 245 |
_aLinux From Scratch (E-BOOK) _bGerard Beekmans |
||
| 440 | _aVersion 5.0 | ||
| 505 | _aPart I – Introduction (Page-4) Part II − Preparing for the build (Page-23) Part III − Building the LFS system Part (Page-71) IV − Appendices | ||
| 651 | _aE-BOOK | ||
| 942 |
_2ddc _cBK |
||
| 999 |
_c191396 _d191396 |
||